00492 a2200181 450000100060000002000150000604000370002110000240005824000270008224500220010930000070013136200090013844000120014765000230015994200070018295201040018999900170029371411 a8516009432 cAnchieta - Colégio São Paulo aAlbergaria, Lino de10aUm anjo no jardimlpor10aUm anjo no jardim a460 a1998 1aModerna 4aLiteratura juvenil cBK 00104070a88.1b88.1d2023-11-22l0oLJ 028.5 A329up509/CSPr2023-11-22 14:27:36w2023-11-22yBK c71411d71411